[Event "Oberliga Nord W 1112"]
[Site "Germany"]
[Date "2011.10.02"]
[Round "1.6"]
[White "Steingraeber, Kai Uwe"]
[Black "Baeumler, Ilja"]
[Result "1-0"]
[WhiteElo "2104"]
[BlackElo "2230"]
[PlyCount "79"]
[EventDate "2011.10.02"]
[EventType "team-tourn"]
[EventRounds "9"]
[EventCountry "GER"]
[SourceTitle "EXT 2013"]
[Source "ChessBase"]
[SourceDate "2012.11.22"]
[SourceVersion "1"]
[SourceVersionDate "2012.11.22"]
[SourceQuality "1"]
[WhiteTeam "Delmenhorst"]
[BlackTeam "Nordhorn Blanke"]
[WhiteTeamCountry "GER"]
[BlackTeamCountry "GER"]

1. e4 e6 2. d4 d5 3. exd5 exd5 4. Nf3 Bg4 5. h3 Bh5 6. Qe2+ Qe7 7. Be3 Nc6 8. Nc3 0-0-0 9. 0-0-0 h6 10. g4 Bg6 11. Bg2 Nf6 12. Ne5 Na5 13. Bd2 Qd6 14. f4 Qb6 15. f5 Bh7 16. Qb5 Bg8 17. Rhe1 Bb4 18. Qxb6 axb6 19. Re2 Nc6 20. a3 Nxd4 21. axb4 Nxe2+ 22. Nxe2 Re8 23. Bc3 Nd7 24. Nxd7 Rxe2 25. Bxd5 f6 26. Nxf6 gxf6 27. Bxf6 Bxd5 28. Rxd5 Rg8 29. Kd1 Re3 30. Rd3 Rxd3+ 31. cxd3 Kd7 32. Ke2 Ke8 33. Be5 c6 34. Kf3 Kf7 35. h4 Ra8 36. g5 hxg5 37. hxg5 Ra1 38. g6+ Kg8 39. f6 Rf1+ 40. Kg4 1-0

[Event "Oberliga Nord W 1011"]
[Site "Germany"]
[Date "2011.02.06"]
[Round "6.5"]
[White "Raabe, Peter"]
[Black "Baeumler, Ilja"]
[Result "1/2-1/2"]
[WhiteElo "2172"]
[BlackElo "2236"]
[PlyCount "47"]
[EventDate "2010.10.10"]
[EventType "team-tourn"]
[EventRounds "9"]
[EventCountry "GER"]
[SourceTitle "EXT 2012"]
[Source "ChessBase"]
[SourceDate "2011.11.24"]
[SourceVersion "1"]
[SourceVersionDate "2011.11.24"]
[SourceQuality "1"]
[WhiteTeam "Uelzen Post"]
[BlackTeam "Nordhorn Blanke"]
[WhiteTeamCountry "GER"]
[BlackTeamCountry "GER"]

1. d4 Nf6 2. Nf3 g6 3. Bf4 d6 4. e3 Bg7 5. Bc4 0-0 6. h3 e6 7. 0-0 Nbd7 8. Nbd2 Qe7 9. c3 b6 10. a4 Bb7 11. a5 e5 12. Bh2 Bc6 13. Qe2 Ne4 14. Bb5 Nxd2 15. Nxd2 Bb7 16. Ba6 Bc6 17. Qc4 Nb8 18. axb6 axb6 19. Bb5 Bxb5 20. Qxb5 Qd7 21. Qb3 Nc6 22. Qb5 Nb8 23. Qb3 Nc6 24. Qb5 1/2-1/2

[Event "Oberliga Nord W 1011"]
[Site "Germany"]
[Date "2010.10.24"]
[Round "2.4"]
[White "Bennemann, Ingmar"]
[Black "Baeumler, Ilja"]
[Result "0-1"]
[WhiteElo "2111"]
[BlackElo "2236"]
[PlyCount "76"]
[EventDate "2010.10.10"]
[EventType "team-tourn"]
[EventRounds "9"]
[EventCountry "GER"]
[SourceTitle "EXT 2012"]
[Source "ChessBase"]
[SourceDate "2011.11.24"]
[SourceVersion "1"]
[SourceVersionDate "2011.11.24"]
[SourceQuality "1"]
[WhiteTeam "Schinkel"]
[BlackTeam "Nordhorn Blanke"]
[WhiteTeamCountry "GER"]
[BlackTeamCountry "GER"]

1. d4 Nf6 2. Nf3 g6 3. Nc3 Bg7 4. e4 d6 5. Bg5 h6 6. Bf4 0-0 7. Qd2 Kh7 8. h3 Nbd7 9. 0-0-0 a6 10. e5 Ng8 11. Ne4 b5 12. h4 Nb6 13. Neg5+ Kh8 14. h5 Nd5 15. hxg6 fxg6 16. Nh4 Qe8 17. Be3 Nxe3 18. Qxe3 dxe5 19. dxe5 Bf5 20. Bd3 e6 21. Bxf5 gxf5 22. Rd7 Nf6 23. Rxg7 Kxg7 24. exf6+ Rxf6 25. Ngf3 Rd8 26. Ne5 Rd5 27. Re1 Qe7 28. Qg3+ Kh7 29. f4 Qb4 30. Nhf3 a5 31. Qh4 Kg7 32. Qg3+ Kh7 33. Qh4 Kg7 34. Nd7 Rxd7 35. c3 Qd6 36. g3 b4 37. cxb4 axb4 38. Qh2 Qc6+ 0-1

[Event "Goch op 21st"]
[Site "Goch"]
[Date "2010.10.03"]
[Round "7"]
[White "Rosskothen, Arnd"]
[Black "Baeumler, Ilja"]
[Result "1/2-1/2"]
[WhiteElo "2133"]
[BlackElo "2236"]
[PlyCount "109"]
[EventDate "2010.09.30"]
[EventType "swiss"]
[EventRounds "7"]
[EventCountry "GER"]
[SourceTitle "EXT 2012"]
[Source "ChessBase"]
[SourceDate "2011.11.24"]
[SourceVersion "1"]
[SourceVersionDate "2011.11.24"]
[SourceQuality "1"]

1. e4 e6 2. d4 d5 3. Nc3 Bb4 4. exd5 exd5 5. Bd3 Nc6 6. a3 Ba5 7. Nge2 Nge7 8. 0-0 Bf5 9. Nf4 Bxd3 10. Qxd3 0-0 11. Nce2 Bb6 12. c3 Na5 13. Qf3 Qd7 14. Nd3 Ng6 15. Nef4 c6 16. Nh5 Bc7 17. Bh6 Qd6 18. Bf4 Nxf4 19. Qxf4 Nb3 20. Qxd6 Bxd6 21. Rad1 f6 22. Rfe1 Kf7 23. Re2 Rfe8 24. Rde1 Rxe2 25. Rxe2 g6 26. Nhf4 b6 27. f3 g5 28. Nh5 c5 29. dxc5 bxc5 30. f4 c4 31. Nb4 Bxb4 32. axb4 Nc1 33. Rd2 Nd3 34. fxg5 fxg5 35. Kf1 a5 36. bxa5 Rxa5 37. Ke2 Ke6 38. Ke3 Ra1 39. Re2 Kd6 40. b4 Ra3 41. Kd2 d4 42. cxd4 Kd5 43. Nf6+ Kd6 44. Ne4+ Kc6 45. Nc3 Nxb4 46. Re6+ Kd7 47. Rh6 Rb3 48. Rxh7+ Kc6 49. Rh6+ Kd7 50. Rb6 g4 51. h4 gxh3 52. gxh3 Rb2+ 53. Kd1 Rb3 54. Kd2 Rb2+ 55. Kd1 1/2-1/2

[Event "Oberliga Nord W 0910"]
[Site "Germany"]
[Date "2010.04.11"]
[Round "9.2"]
[White "Meins, Gerlef"]
[Black "Baeumler, Ilja"]
[Result "1-0"]
[WhiteElo "2488"]
[BlackElo "2265"]
[PlyCount "79"]
[EventDate "2009.10.18"]
[EventType "team-tourn"]
[EventRounds "9"]
[EventCountry "GER"]
[SourceTitle "EXT 2011"]
[Source "ChessBase"]
[SourceDate "2010.11.26"]
[SourceVersion "1"]
[SourceVersionDate "2010.11.26"]
[SourceQuality "1"]
[WhiteTeam "Werder Bremen II"]
[BlackTeam "Nordhorn Blanke"]
[WhiteTeamCountry "GER"]
[BlackTeamCountry "GER"]

1. d4 Nf6 2. c4 g6 3. Nc3 Bg7 4. e4 d6 5. Be2 0-0 6. Nf3 e5 7. Be3 Nc6 8. d5 Ne7 9. Nd2 Nd7 10. 0-0 h6 11. b4 f5 12. f3 f4 13. Bf2 Nf6 14. c5 g5 15. cxd6 cxd6 16. Nc4 Ne8 17. Nb5 b6 18. a4 Ba6 19. Nba3 h5 20. b5 Bc8 21. Nc2 Nf6 22. Nb4 Ng6 23. Nc6 Qd7 24. a5 bxa5 25. Rxa5 g4 26. Nb6 axb6 27. Rxa8 g3 28. hxg3 fxg3 29. Bxg3 h4 30. Bf2 Bh6 31. Ra7 Qe8 32. f4 Nxf4 33. Bf3 Bd7 34. Bxh4 Kh8 35. Rb7 Nh7 36. Bg4 Bxg4 37. Qxg4 Rg8 38. Qf5 Rxg2+ 39. Kh1 Qg8 40. Rxh7+ 1-0

[Event "GER-chT U20"]
[Site "Arendsee"]
[Date "2008.12.27"]
[Round "1.1"]
[White "Baeumler, Ilja"]
[Black "Mazarov, Juergen"]
[Result "1/2-1/2"]
[WhiteElo "2192"]
[BlackElo "2139"]
[PlyCount "128"]
[EventDate "2008.12.27"]
[EventType "team-swiss"]
[EventRounds "7"]
[EventCountry "GER"]
[SourceTitle "CBM 128 Extra"]
[Source "ChessBase"]
[SourceDate "2009.03.05"]
[SourceVersion "2"]
[SourceVersionDate "2009.03.25"]
[SourceQuality "1"]
[WhiteTeam "Nordhorn Blanke"]
[BlackTeam "Bochum"]
[WhiteTeamCountry "GER"]
[BlackTeamCountry "GER"]

1. e4 c5 2. c3 Nf6 3. e5 Nd5 4. d4 cxd4 5. cxd4 Nc6 6. Nf3 d6 7. Bc4 Nb6 8. Bb3 dxe5 9. d5 Na5 10. Nc3 Nxb3 11. Qxb3 e6 12. Nxe5 exd5 13. Be3 Bd6 14. Qb5+ Bd7 15. Nxd7 Qxd7 16. Bxb6 axb6 17. 0-0 Qxb5 18. Nxb5 0-0-0 19. Rfe1 Bc5 20. Rac1 Kb8 21. Rcd1 Rhe8 22. Rxe8 Rxe8 23. Kf1 Rd8 24. Ke2 Be7 25. Rd2 Bf6 26. b3 Re8+ 27. Kd1 Rd8 28. Ke2 Re8+ 29. Kd1 Rd8 30. g3 Rd7 31. Kc2 Kc8 32. Kd3 Kd8 33. h4 Be7 34. Re2 Bc5 35. f4 Re7 36. Rxe7 Kxe7 37. Nc7 Kd6 38. Ne8+ Ke7 39. Nxg7 Kf6 40. Ne8+ Kf5 41. h5 Kg4 42. Nf6+ Kxg3 43. Nxd5 Kg4 44. b4 Bg1 45. Nf6+ Kxf4 46. Nxh7 Kg4 47. h6 Kh5 48. Ng5 Kxh6 49. Nxf7+ Kg7 50. Nd8 Kf6 51. Kc4 Ke7 52. Nxb7 Kd7 53. Kb5 Kc7 54. Ka6 Be3 55. a4 Bd2 56. b5 Bb4 57. Ka7 Bc3 58. Nd6 Kxd6 59. Kxb6 Kd7 60. Kb7 Ba5 61. Ka6 Bd8 62. a5 Kc8 63. b6 Kb8 64. Kb5 Bxb6 1/2-1/2

[Event "Oberliga Nord W 0708"]
[Site "Germany"]
[Date "2008.04.06"]
[Round "8.2"]
[White "Baeumler, Ilja"]
[Black "Mueller, Fabian"]
[Result "0-1"]
[WhiteElo "2236"]
[BlackElo "2317"]
[PlyCount "132"]
[EventDate "2007.10.21"]
[EventType "team-tourn"]
[EventRounds "9"]
[EventCountry "GER"]
[SourceTitle "EXT 2009"]
[Source "ChessBase"]
[SourceDate "2008.11.26"]
[SourceVersion "1"]
[SourceVersionDate "2008.11.26"]
[SourceQuality "1"]
[WhiteTeam "Nordhorn Blanke"]
[BlackTeam "Salzgitter"]
[WhiteTeamCountry "GER"]
[BlackTeamCountry "GER"]

1. e4 g6 2. d4 Bg7 3. c3 d6 4. Nf3 Nf6 5. Bd3 0-0 6. Be3 Nc6 7. 0-0 e5 8. dxe5 dxe5 9. Qe2 Qe7 10. Nbd2 h6 11. b4 b6 12. a4 a5 13. b5 Nd8 14. Nb3 Bb7 15. Bc1 Re8 16. Ba3 Qe6 17. Qc2 Bf8 18. Bxf8 Kxf8 19. Rfe1 Kg7 20. Rad1 Nh5 21. Nbd2 Nf4 22. Bf1 Rc8 23. h3 Qf6 24. Re3 Nfe6 25. Nh2 h5 26. Bc4 Nc5 27. Nb3 Qe7 28. Nxc5 Qxc5 29. Qb3 Qe7 30. Nf3 Ne6 31. Bd5 Nc5 32. Qc4 Rcd8 33. Re2 c6 34. bxc6 Ba6 35. Qa2 Bxe2 36. Qxe2 Nxa4 37. Qc2 Nc5 38. Rb1 Qc7 39. Nd2 Rb8 40. Rb5 Ne6 41. Qa4 Nc5 42. Qa2 Ra8 43. Nc4 Ra6 44. Rb1 a4 45. Na3 Qe7 46. Nb5 Ra5 47. Na3 Ra6 48. Bc4 Ra7 49. Bd5 Nb3 50. Nb5 Ra5 51. Qe2 Qc5 52. c4 a3 53. Qa2 Nd4 54. Nxd4 exd4 55. Rb3 Re7 56. Rd3 Kg8 57. Qa1 a2 58. Kh2 h4 59. f4 Rea7 60. e5 Ra3 61. Rxd4 Qxd4 62. Qxd4 a1Q 63. Bxf7+ Rxf7 64. Qd8+ Kg7 65. Qxh4 Qd4 66. c7 Ra8 0-1

[Event "BL2-Nord 0607"]
[Site "Germany"]
[Date "2007.04.22"]
[Round "9.2"]
[White "Rasmussen, Karsten"]
[Black "Baeumler, Ilja"]
[Result "1-0"]
[WhiteElo "2460"]
[BlackElo "2240"]
[PlyCount "39"]
[EventDate "2006.10.15"]
[EventType "team-tourn"]
[EventRounds "9"]
[EventCountry "GER"]
[SourceTitle "EXT 2008"]
[Source "ChessBase"]
[SourceDate "2007.11.25"]
[SourceVersion "1"]
[SourceVersionDate "2007.11.25"]
[SourceQuality "1"]
[WhiteTeam "Preetz"]
[BlackTeam "Uelzen Post"]
[WhiteTeamCountry "GER"]
[BlackTeamCountry "GER"]

1. d4 Nf6 2. c4 g6 3. g3 Bg7 4. Bg2 0-0 5. Nc3 d6 6. e4 Nc6 7. Nge2 e5 8. d5 Nd4 9. 0-0 c5 10. dxc6 bxc6 11. Nxd4 exd4 12. Qxd4 Ng4 13. Qd2 Be6 14. b3 Qa5 15. Bb2 Qh5 16. h3 Nh6 17. Ne2 g5 18. Bxg7 Kxg7 19. g4 Qg6 20. f4 1-0

[Event "Niedersachsen-ch M"]
[Site "Verden"]
[Date "2007.01.06"]
[Round "7"]
[White "Sawatzki, Frank"]
[Black "Baeumler, Ilja"]
[Result "1/2-1/2"]
[WhiteElo "2350"]
[BlackElo "2154"]
[PlyCount "99"]
[EventDate "2007.01.03"]
[EventType "swiss"]
[EventRounds "9"]
[EventCountry "GER"]
[SourceTitle "EXT 2008"]
[Source "ChessBase"]
[SourceDate "2007.11.25"]
[SourceVersion "1"]
[SourceVersionDate "2007.11.25"]
[SourceQuality "1"]

1. e4 e6 2. d4 d5 3. Nc3 Bb4 4. e5 Ne7 5. a3 Bxc3+ 6. bxc3 c5 7. Qg4 0-0 8. Bd3 f5 9. exf6 Rxf6 10. Bg5 Rf7 11. Qh5 g6 12. Qd1 Qf8 13. Nf3 c4 14. Be2 h6 15. Bc1 Nbc6 16. 0-0 Qg7 17. a4 Bd7 18. Rb1 b6 19. a5 Nc8 20. axb6 axb6 21. Be3 Nd6 22. Rxb6 Ne4 23. Bd2 Qf8 24. Be1 Qa3 25. Rxc6 Bxc6 26. Ne5 Rc7 27. Bg4 Re8 28. Nxg6 Ba4 29. Nf4 Qd6 30. Nh5 Qf8 31. Qe2 Nf6 32. Qe5 Rf7 33. Nxf6+ Rxf6 34. f4 Qg7 35. Bh5 Ref8 36. Bh4 Rf5 37. Qxe6+ Kh8 38. Bg6 Rxf4 39. Rxf4 Rxf4 40. Be7 Be8 41. Bxe8 Re4 42. Qc8 Re1+ 43. Kf2 Rxe7 44. Bf7+ Kh7 45. Qf5+ Kh8 46. Bxd5 Re8 47. Bf3 Qe7 48. Qe5+ Qxe5 49. dxe5 Rxe5 50. Be2 1/2-1/2

[Event "Niedersachsen-ch M"]
[Site "Verden"]
[Date "2007.01.04"]
[Round "3"]
[White "Tonndorf, Matthias"]
[Black "Baeumler, Ilja"]
[Result "1/2-1/2"]
[WhiteElo "2107"]
[BlackElo "2154"]
[PlyCount "119"]
[EventDate "2007.01.03"]
[EventType "swiss"]
[EventRounds "9"]
[EventCountry "GER"]
[SourceTitle "EXT 2008"]
[Source "ChessBase"]
[SourceDate "2007.11.25"]
[SourceVersion "1"]
[SourceVersionDate "2007.11.25"]
[SourceQuality "1"]

1. e4 e6 2. d4 d5 3. e5 c5 4. c3 Bd7 5. Nf3 Qb6 6. a3 Bb5 7. b4 cxb4 8. Bxb5+ Qxb5 9. cxb4 a5 10. Nc3 Qc6 11. Bd2 axb4 12. axb4 Rxa1 13. Qxa1 Bxb4 14. Qa8 Qc8 15. 0-0 Bxc3 16. Bxc3 Ne7 17. Rb1 0-0 18. Qxb7 Qxc3 19. Qxe7 Nc6 20. Qh4 Qc2 21. Re1 Rb8 22. h3 h6 23. Qf4 Rb2 24. Qe3 Nb4 25. Rc1 Qe4 26. Rc8+ Kh7 27. Rc7 Re2 28. Qxe4+ dxe4 29. Nh4 Kg8 30. Rc8+ Kh7 31. Rc7 Nd3 32. Rxf7 Kg8 33. Rc7 Rxf2 34. Rc3 Rd2 35. d5 exd5 36. e6 Rd1+ 37. Kh2 Rc1 38. Ra3 Rc8 39. Nf5 Re8 40. Ra7 Rxe6 41. Rxg7+ Kf8 42. Rd7 e3 43. Nxe3 Rxe3 44. Rxd5 Kg7 45. Rf5 Kg6 46. g4 Ne1 47. Ra5 Nf3+ 48. Kg2 Ne5 49. Ra6+ Kg7 50. Ra7+ Nf7 51. Ra6 Rd3 52. Rb6 Rd6 53. Rb3 Kg6 54. Kg3 Re6 55. Ra3 Ng5 56. h4 Ne4+ 57. Kf4 Nf6 58. h5+ Kf7 59. Ra7+ Re7 60. Rxe7+ 1/2-1/2

[Event "BL2-Nord 0607"]
[Site "Germany"]
[Date "2006.11.19"]
[Round "3.2"]
[White "Janaszak, Dawid"]
[Black "Baeumler, Ilja"]
[Result "1-0"]
[WhiteElo "2315"]
[BlackElo "2240"]
[PlyCount "81"]
[EventDate "2006.10.15"]
[EventType "team-tourn"]
[EventRounds "9"]
[EventCountry "GER"]
[SourceTitle "EXT 2008"]
[Source "ChessBase"]
[SourceDate "2007.11.25"]
[SourceVersion "1"]
[SourceVersionDate "2007.11.25"]
[SourceQuality "1"]
[WhiteTeam "Steglitz Wilmersdorf"]
[BlackTeam "Uelzen Post"]
[WhiteTeamCountry "GER"]
[BlackTeamCountry "GER"]

1. e4 e6 2. d4 d5 3. Nc3 Bb4 4. e5 Ne7 5. Qg4 0-0 6. Bd2 c5 7. dxc5 Nbc6 8. 0-0-0 b6 9. Nf3 bxc5 10. Bd3 Ng6 11. Qh5 c4 12. Ng5 h6 13. Nxf7 Rxf7 14. Bxg6 Rb7 15. Ne4 Bxd2+ 16. Rxd2 Qb6 17. c3 dxe4 18. Bxe4 Rf7 19. Rhd1 Bb7 20. Rd7 Qxf2 21. Qxf7+ Qxf7 22. Rxf7 Kxf7 23. Rd7+ Kf8 24. Rxb7 Nxe5 25. Kc2 Ng4 26. h3 Nf6 27. Bf3 e5 28. Be2 Rc8 29. Rxa7 e4 30. Ra4 Nd5 31. Kd2 e3+ 32. Ke1 Nf4 33. Bxc4 g5 34. g3 Nh5 35. Ke2 Re8 36. Kf3 Re7 37. Ra6 Kg7 38. Re6 Rf7+ 39. Kxe3 Nxg3 40. Bd3 Rf4 41. Rg6+ 1-0

[Event "Niedersachsen-ch U18"]
[Site "Rotenburg/Wuemme"]
[Date "2006.04.13"]
[Round "7"]
[White "Kaphle, Stephan"]
[Black "Baeumler, Ilja"]
[Result "1/2-1/2"]
[WhiteElo "2020"]
[BlackElo "2209"]
[PlyCount "36"]
[EventDate "2006.04.08"]
[EventType "swiss"]
[EventRounds "9"]
[EventCountry "GER"]
[SourceTitle "EXT 2007"]
[Source "ChessBase"]
[SourceDate "2006.11.23"]
[SourceVersion "1"]
[SourceVersionDate "2006.11.23"]
[SourceQuality "1"]

1. e4 e6 2. d4 d5 3. e5 c5 4. c3 Nc6 5. Nf3 Bd7 6. a3 f6 7. Bd3 c4 8. Bc2 Qc7 9. Qe2 0-0-0 10. 0-0 Nge7 11. Nbd2 Ng6 12. Re1 fxe5 13. Nxe5 Ngxe5 14. dxe5 h6 15. b3 cxb3 16. Nxb3 g5 17. c4 Be8 18. Bb2 Bg7 1/2-1/2

[Event "Niedersachsen-ch U18"]
[Site "Rotenburg/Wuemme"]
[Date "2006.04.09"]
[Round "2"]
[White "Baeumler, Ilja"]
[Black "Baisakow, Alexander"]
[Result "1-0"]
[WhiteElo "2209"]
[BlackElo "2004"]
[PlyCount "174"]
[EventDate "2006.04.08"]
[EventType "swiss"]
[EventRounds "9"]
[EventCountry "GER"]
[SourceTitle "EXT 2007"]
[Source "ChessBase"]
[SourceDate "2006.11.23"]
[SourceVersion "1"]
[SourceVersionDate "2006.11.23"]
[SourceQuality "1"]

1. e4 c5 2. c3 g6 3. d4 cxd4 4. cxd4 d5 5. exd5 Nf6 6. Bb5+ Bd7 7. Bc4 Bg7 8. Nc3 0-0 9. Qb3 Bf5 10. Qxb7 Nbd7 11. Bf4 Rc8 12. Qb3 Nb6 13. Ba6 Nbxd5 14. Bxc8 Nxf4 15. Bxf5 gxf5 16. 0-0-0 Qc7 17. g3 Rb8 18. Qc2 Qb7 19. Nge2 N4d5 20. Nxd5 Nxd5 21. Kb1 e6 22. a3 Bf8 23. Ka1 Nb6 24. Qb3 Bd6 25. Rc1 Qa6 26. Rc6 Bxa3 27. bxa3 Qxe2 28. Qb2 Qd3 29. Rc3 Qe4 30. f3 Qd5 31. Rd1 Qd6 32. Qc1 Qd8 33. Rb3 Rc8 34. Qd2 Qd5 35. Rc3 Rb8 36. Qg5+ Kf8 37. Qf4 Rd8 38. Qh6+ Ke7 39. Rc7+ Nd7 40. Qe3 Qa5 41. Qc3 Qa4 42. Qb4+ Qxb4 43. axb4 Rb8 44. Rb1 a6 45. Ka2 Kd6 46. Ra7 Nb6 47. Rxa6 Kd5 48. Ra5+ Kxd4 49. Ra7 Nd5 50. Rd1+ Ke3 51. Ra3+ Ke2 52. Rg1 Nxb4+ 53. Kb2 Nd3+ 54. Kc3 Rc8+ 55. Kd4 Rd8+ 56. Kc4 Ne5+ 57. Kb4 Nd3+ 58. Kb5 Kxf3 59. Ra7 Rd5+ 60. Kb6 Ne5 61. Ra4 Nd3 62. Rh4 e5 63. Rf1+ Nf2 64. Kc6 Rd2 65. Rh5 Kg2 66. Ra1 e4 67. Rxf5 e3 68. Re1 e2 69. Re5 Rc2+ 70. Kd5 Kf3 71. Kd4 Rd2+ 72. Kc3 Rd3+ 73. Kc2 Re3 74. Rf5+ Kg2 75. Kd2 Ng4 76. Rf4 Kxh2 77. Rxg4 Rxg3 78. Rxe2+ Kh3 79. Rxg3+ Kxg3 80. Ke1 f5 81. Kf1 h5 82. Kg1 f4 83. Rg2+ Kf3 84. Rh2 Kg4 85. Kf2 h4 86. Rh1 f3 87. Rh2 h3 1-0

[Event "Oberliga Nord W 0506"]
[Site "Germany"]
[Date "2006.04.02"]
[Round "9.4"]
[White "Hoelscher, Thorsten"]
[Black "Baeumler, Ilja"]
[Result "0-1"]
[WhiteElo "2140"]
[BlackElo "2185"]
[PlyCount "78"]
[EventDate "2005.10.23"]
[EventType "team-tourn"]
[EventRounds "9"]
[EventCountry "GER"]
[SourceTitle "CBM 111 Extra"]
[Source "ChessBase"]
[SourceDate "2006.05.09"]
[SourceVersion "1"]
[SourceVersionDate "2006.05.09"]
[SourceQuality "1"]
[WhiteTeam "Bremen Nord"]
[BlackTeam "Uelzen Post"]
[WhiteTeamCountry "GER"]
[BlackTeamCountry "GER"]

1. e4 e6 2. d4 d5 3. e5 c5 4. c3 Bd7 5. Nf3 Nc6 6. Be2 Nge7 7. 0-0 Nf5 8. Bd3 Nh4 9. Nxh4 Qxh4 10. Nd2 cxd4 11. Nf3 Qd8 12. cxd4 Qb6 13. Be3 Be7 14. Qd2 Na5 15. Rac1 Bb5 16. Rc2 Qa6 17. Bxb5+ Qxb5 18. Bg5 Bb4 19. Qc1 0-0 20. Bd2 Nc6 21. a3 Ba5 22. Bxa5 Nxa5 23. Rc5 Qb6 24. Nd2 Nc6 25. Qc3 a5 26. b3 Rac8 27. Rc1 f6 28. f4 fxe5 29. fxe5 Rf4 30. Nf3 Rcf8 31. b4 axb4 32. axb4 h6 33. b5 Na5 34. Nd2 Qd8 35. b6 Nc6 36. Rxc6 bxc6 37. b7 Qd7 38. Qxc6 R4f7 39. h3 Re7 0-1

[Event "Bad Zwesten op 10th"]
[Site "Bad Zwesten"]
[Date "2006.01.05"]
[Round "6"]
[White "Kuhn, Gerhard"]
[Black "Baeumler, Ilja"]
[Result "1/2-1/2"]
[WhiteElo "2048"]
[BlackElo "2205"]
[PlyCount "102"]
[EventDate "2006.01.02"]
[EventType "swiss"]
[EventRounds "9"]
[EventCountry "GER"]
[SourceTitle "CBM 110 Extra"]
[Source "ChessBase"]
[SourceDate "2006.03.10"]
[SourceVersion "2"]
[SourceVersionDate "2006.03.10"]
[SourceQuality "1"]

1. e4 e6 2. d4 d5 3. Nd2 c5 4. exd5 Qxd5 5. Ngf3 cxd4 6. Bc4 Qd6 7. 0-0 Nf6 8. Nb3 Nc6 9. Nbxd4 Nxd4 10. Qxd4 a6 11. Bf4 Qxd4 12. Nxd4 b5 13. Be2 Bb7 14. Bf3 Bxf3 15. Nxf3 Be7 16. Rfd1 Nd5 17. Bg3 0-0 18. c3 Rfc8 19. Kf1 b4 20. cxb4 Rc2 21. a3 Rxb2 22. Be5 Rc2 23. Nd4 Rc4 24. Rac1 Rac8 25. Ne2 Bg5 26. Rxc4 Rxc4 27. Bb2 h5 28. h3 Kh7 29. Bc1 Bf6 30. Ke1 g5 31. Rd3 Kg6 32. Kd1 Ba1 33. Rb3 Be5 34. Bb2 Bc7 35. Bd4 f5 36. b5 axb5 37. Rxb5 f4 38. Rc5 Ra4 39. Rc6 Kf5 40. Bb2 Be5 41. Bc1 g4 42. hxg4+ hxg4 43. Rc8 f3 44. gxf3 gxf3 45. Rf8+ Ke4 46. Ng1 Rd4+ 47. Kc2 Rc4+ 48. Kd1 Nf4 49. Rf7 Ne2 50. Nxf3 Rxc1+ 51. Kxe2 Bf4 1/2-1/2

[Event "Bad Zwesten op 10th"]
[Site "Bad Zwesten"]
[Date "2006.01.04"]
[Round "4"]
[White "Foermes, Alexander"]
[Black "Baeumler, Ilja"]
[Result "1/2-1/2"]
[WhiteElo "2047"]
[BlackElo "2205"]
[PlyCount "82"]
[EventDate "2006.01.02"]
[EventType "swiss"]
[EventRounds "9"]
[EventCountry "GER"]
[SourceTitle "CBM 110 Extra"]
[Source "ChessBase"]
[SourceDate "2006.03.10"]
[SourceVersion "2"]
[SourceVersionDate "2006.03.10"]
[SourceQuality "1"]

1. c4 Nf6 2. g3 g6 3. Bg2 Bg7 4. Nc3 0-0 5. e4 d6 6. Nge2 e5 7. 0-0 Be6 8. d3 Qd7 9. f4 c6 10. Rb1 a5 11. a3 Na6 12. Kh1 Rab8 13. Be3 b5 14. cxb5 cxb5 15. b4 axb4 16. axb4 Rfc8 17. Qd2 exf4 18. gxf4 Bh3 19. f5 Bxg2+ 20. Kxg2 d5 21. Qa2 Nc7 22. h3 Ra8 23. Qd2 Nh5 24. Nd4 Ra3 25. Rf3 dxe4 26. dxe4 Rxc3 27. Qxc3 Nd5 28. Qxc8+ Qxc8 29. exd5 Bxd4 30. Rc1 Bc3 31. Bh6 Qc4 32. Rcxc3 Qe2+ 33. Kg1 Qd1+ 34. Kg2 f6 35. Rc8+ Kf7 36. Rf8+ Ke7 37. Re3+ Kd7 38. Rf7+ Kd8 39. Rf8+ Kd7 40. Rf7+ Kd8 41. Rf8+ Kd7 1/2-1/2

[Event "Bad Zwesten op 10th"]
[Site "Bad Zwesten"]
[Date "2006.01.03"]
[Round "3"]
[White "Baeumler, Ilja"]
[Black "Mainka, Romuald"]
[Result "0-1"]
[WhiteElo "2205"]
[BlackElo "2457"]
[PlyCount "60"]
[EventDate "2006.01.02"]
[EventType "swiss"]
[EventRounds "9"]
[EventCountry "GER"]
[SourceTitle "CBM 110 Extra"]
[Source "ChessBase"]
[SourceDate "2006.03.10"]
[SourceVersion "2"]
[SourceVersionDate "2006.03.10"]
[SourceQuality "1"]

1. e4 c5 2. c3 Nf6 3. e5 Nd5 4. d4 cxd4 5. Nf3 e6 6. cxd4 d6 7. Bc4 Nb6 8. Bd3 Nc6 9. a3 dxe5 10. dxe5 Nd7 11. Qe2 Ndxe5 12. Nxe5 Qa5+ 13. Nc3 Qxe5 14. Be3 Be7 15. 0-0 0-0 16. f4 Qb8 17. Ne4 f5 18. Ng5 h6 19. Qh5 hxg5 20. g4 Bd7 21. fxg5 Qe5 22. Rae1 g6 23. Qxg6+ Qg7 24. gxf5 Qxg6 25. fxg6 Ne5 26. Be4 Bc6 27. Bf4 Bc5+ 28. Kg2 Nd3 29. Bxc6 Nxe1+ 30. Rxe1 Rxf4 0-1